Türkiye-Avrupa Topluluğu Ortaklık Konseyi kararları= Turke-European Union Association Council Decisions (Record no. 831)

MARC details
000 -BAŞLIK
Sabit Uzunlukta Kontrol Alanı 00980na a2200289 4500
001 - KONTROL NUMARASI
Denetim Alanı 18347
003 - KONTROL NUMARASI IDENTIFIER
Denetim Alanı MIRAKIL
005 - SON İŞLEM TARİHİ VE ZAMANI
Denetim Alanı 20181213154803.0
008 - SABİT-BOY VERİ ELEMANLARI - GENEL BİLGİLER
Sabit Uzunlukta Kontrol Alanı 161117b tu 000 0
020 ## - ULUSLARARASI STANDART KİTAP NUMARASI
Uluslararası Standart Kitap Numarası 9751927854 (c.2)
020 ## - ULUSLARARASI STANDART KİTAP NUMARASI
Uluslararası Standart Kitap Numarası 9751927846 (c.1)
020 ## - ULUSLARARASI STANDART KİTAP NUMARASI
Uluslararası Standart Kitap Numarası 9751927838 (tk)
040 ## - KATALOGLAMA KAYNAK
Orijinal Kataloglama Ajansı Milas
Kataloglama Dili tur
Metne Dönüştürmek Ajansı TR-AnCHP
041 ## - DİL KODU
Metin / Ses Parça Veya Ayrı Başlığın Dil Kodu tur
-- eng
-- fre
082 ## - DEWEY ONLU SINIFLANDIRMA NUMARASI
Sınıflandırma Numarası 341.750614
Ürün Numarası T96 2001
090 ## - SINIFLAMA NUMARASI
Sınıflama Numarası 341.750614 T96 2001
245 ## - BAŞLIK TABLOSU
Başlık Türkiye-Avrupa Topluluğu Ortaklık Konseyi kararları= Turke-European Union Association Council Decisions
Başlığın Kalan 1964-2000
Sorumluluk Tablosu, Vb Devlet Planlama Teşkilatı (DPT)
260 ## - YAYIN, DAĞITIM, VB
Yayın, Dağıtım, Vb Yeri Ankara
Yayıncı, Dağıtıcı, Vs Adı DPT
Yayın, Dağıtım, Vb Tarihi 2001
300 ## - FİZİKSEL TANIM
Kapsam 2 c.
Diğer Fiziksel Ayrıntıları tbl.
Boyutlar 27 sm.
490 ## - SERİSİ TABLOSU
Seri Beyanı DPT
Hacim / Ardışık Tanımı 2596
650 ## - KONU KATMA GİRİŞ - TOPİKAL DÖNEM
Topikal Süreli Veya Coğrafi Ad Giriş Elemanı Avrupa Topluluğu Konseyi
Genel Alt Bölümü Yasalar
650 ## - KONU KATMA GİRİŞ - TOPİKAL DÖNEM
Topikal Süreli Veya Coğrafi Ad Giriş Elemanı Uluslararası hukuk
Genel Alt Bölümü Ekonomik topluluklar
Coğrafi Alt Bölümü Avrupa
651 ## - KONU KATMA GİRİŞ - COĞRAFİ ADI
Coğrafi İsim Türkiye
Genel Alt Bölümü Ekonomik anlaşmalar
Kronolojik Alt Bölümü Kararlar
710 ## - KATMA GİRİŞ - KURUMSAL ADI
Giriş Elemanı Olarak Kurumsal Ad Veya Yargı Alanı Adı Devlet Planlama Teşkilatı (DPT)
830 ## - SERİSİ EKLENDİ GİRİŞ - ÜNİFORM ADI
Üniforma Başlık Devlet Planlama Teşkilatı Yayınları
942 ## - EKLENDİ GİRİŞ ELEMANLARI (KOHA)
Sınıflandırma Veya Raf Düzeni Kaynak Dewey Decimal Classification
Koha Öğesi Türü Books
999 ## - SİSTEM KONTROL NUMARALARI (KOHA)
Koha Biblionumber 831
Koha Biblioitemnumber 831
Holdings
Kalıcı Konum Mevcut Konum Edinme Tarihi Edinim Kaynak Toplam Check-Out'Lar Tam Çağrı Numarası Barkod Tarih Son Görülme İtibaren Geçerli Fiyatlar Koha Öğesi Türü
CHP Kütüphanesi CHP Kütüphanesi 11/17/2016 Bağış   341.750614 T96 2001 008707 11/17/2016 11/17/2016 Books
CHP Kütüphanesi CHP Kütüphanesi 11/17/2016 Bağış   341.750614 T96 2001 008708 11/17/2016 11/17/2016 Books